000 00500nam a2200157 i 4500
001 84440
003 ES-MaACL
005 20230906175021.0
007 t|
008 041122s1968 sp ||||1| spa d
100 1 _aJimeno Jurio, José María.
_966650
245 1 0 _aDocumentos medievales artajoneses /
_cJosé María Jimeno Jurio.
260 _aPamplona :
_bDiputación Foral de Navarra, Institución Príncipe de Viana,
_c1968.
300 _a372 p. ;
_c24 cm.
852 _aES-MaACL
_jC-45543
_bR.67889
999 _c84440
_d84440